000 00551nam a2200217Ia 4500
001 947
005 20240113233436.0
007 ta
008 050128s a g b000 u eng u
040 _aRef.Stack
041 _aeng
082 _a954
_bKu 959 He
100 _aKulkarni, V.B. .
245 0 _aHeroes who made history /
_cV.B.Kulkarni.
_hTextual Documents
260 _aBombay :
_bHind Kitabs Ltd. ,
_c1907.
300 _a198p. :
_bill ;
_c18cm. .
653 _aHeroes - History
942 _2ddc
_cBK
999 _c945
_d945